Central Library OPAC University of Rajshahi

বাংলাদেশে খ্রীস্টান মিশনারীদের কর্মকান্ড : (Record no. 82738)

MARC details
000 -LEADER
fixed length control field 01849nam a2200265 a 4500
001 - CONTROL NUMBER
RUCL Control Number 82738
003 - CONTROL NUMBER IDENTIFIER
rucl marc code BD-RjUL
005 - DATE AND TIME OF LATEST TRANSACTION
control field 20240123113616.0
008 - FIXED-LENGTH DATA ELEMENTS--GENERAL INFORMATION
fixed length control field 240123s2002 bg a|||| m||| 00| 0 ben d
035 ## - SYSTEM CONTROL NUMBER
system control number (BD-RjUL)82738
040 ## - CATALOGING SOURCE
Original cataloging agency BD-RjUL
Language of cataloging ben / eng
Transcribing agency BD-RjUL
Modifying agency BD-RjUL
041 ## - LANGUAGE CODE
Language code of Book ben
082 ## - DEWEY DECIMAL CLASSIFICATION NUMBER
DDC Edition number 23
Classification number 297.64924
Author mark and Year RAB 2002
100 ## - MAIN ENTRY--PERSONAL NAME
Personal name রশিদ অর, মো. হারুন
9 (RLIN) 11046
245 10 - TITLE STATEMENT
Title বাংলাদেশে খ্রীস্টান মিশনারীদের কর্মকান্ড :
Remainder of title রাজশাহী জেলার আলোকে একটি পর্যালোচনা (১৯৪৭-১৯৯৭ খ্রী :) /
Statement of responsibility, etc মো. হারুন অর রশিদ ;
Name of Supervisor/Co-Supervisor তত্ত্বাবধায়ক : সুলতান আহমদ, এ. বি. এম. হোসেন
260 ## - PUBLICATION, DISTRIBUTION, ETC. (IMPRINT)
Place of publication, distribution, etc রাজশাহী :
Name of publisher, distributor, etc ইসলামের ইতিহাস ও সংস্কৃতি বিভাগ, রাজশাহী বিশ্ববিদ্যালয়,
Date of publication, distribution, etc ২০০২
300 ## - PHYSICAL DESCRIPTION
Pagination [৬], ১৫২ পাতা :
Other physical details চিত্র ;
Dimensions ২৯ সেমি.
502 ## - DISSERTATION NOTE
Dissertation note থিসিস (এম. ফিল.) -- ইসলামের ইতিহাস ও সংস্কৃতি বিভাগ, রাজশাহী বিশ্ববিদ্যালয়, ২০০২
504 ## - BIBLIOGRAPHY, ETC. NOTE
Bibliography, etc নির্বাচিত গ্রন্থপঞ্জী : ১৩৪-১৪৪
650 ## - SUBJECT ADDED ENTRY--TOPICAL TERM
Topical term or geographic name as entry element ইসলাম
Form subdivision ১৯৪৭-১৯৯৭ খ্রী :
Geographic subdivision রাজশাহী জেলা
9 (RLIN) 11047
Topical term or geographic name as entry element Islam
Form subdivision 1947-1997 AD :
General subdivision Rajshahi District
9 (RLIN) 11048
700 ## - ADDED ENTRY--SUPERVISOR/CO-SUPERVISOR NAME
Personal name আহমদ, সুলতান, তত্ত্বাবধায়ক
9 (RLIN) 11049
Personal name হোসেন, এ. বি. এম. তত্ত্বাবধায়ক
9 (RLIN) 11050
942 ## - ADDED ENTRY ELEMENTS (KOHA)
Source of classification or shelving scheme Dewey Decimal Classification
Koha item type Theses
Holdings
Source of classification or shelving scheme Damaged status Not for loan Collection code Permanent Location Current Location Shelving location Date of accession Source of acquisition Total Checkouts Full call number Barcode Date last seen Copy number Thesis
Dewey Decimal Classification   Not For Loan Theses Central Library, University of Rajshahi Central Library, University of Rajshahi Documentation Section 22/06/2003 Controller of Exam. R. U.   BTHE 297.64924 RAB 2002 D2180 23/01/2024 C-1 Theses